Cryptography and Network Security : (Record no. 948)
[ view plain ]
| 000 -LEADER | |
|---|---|
| fixed length control field | 00853nam a2200253 a 4500 |
| 003 - CONTROL NUMBER IDENTIFIER | |
| control field | (BD-SpBAUS) |
| 005 - DATE AND TIME OF LATEST TRANSACTION | |
| control field | 20250910121537.0 |
| 008 - FIXED-LENGTH DATA ELEMENTS--GENERAL INFORMATION | |
| fixed length control field | 250910r20242023ii a|||| |||| 001 0 eng d |
| 020 ## - INTERNATIONAL STANDARD BOOK NUMBER | |
| International Standard Book Number | 9789357059718 |
| 040 ## - CATALOGING SOURCE | |
| Original cataloging agency | BD-SpBAUS |
| Transcribing agency | BD-SpBAUS |
| 041 ## - LANGUAGE CODE | |
| Language code of text/sound track or separate title | eng |
| 082 ## - DEWEY DECIMAL CLASSIFICATION NUMBER | |
| Classification number | 005.8 |
| Author mark and year | STC 2023 |
| 100 ## - MAIN ENTRY--PERSONAL NAME | |
| Personal name | Stallings, William |
| 9 (RLIN) | 2314 |
| 245 ## - TITLE STATEMENT | |
| Title | Cryptography and Network Security : |
| Remainder of title | principles and practice / |
| Statement of responsibility, etc. | William Stallings. |
| 250 ## - EDITION STATEMENT | |
| Edition statement | 8th ed. |
| 260 ## - PUBLICATION, DISTRIBUTION, ETC. | |
| Place of publication, distribution, etc. | Harlow, United Kingdom : |
| Name of publisher, distributor, etc. | Pearson Education Limited, |
| Date of publication, distribution, etc. | c2023 [Third Impression 2024]. |
| 300 ## - PHYSICAL DESCRIPTION | |
| Extent | 832 p, : |
| Other physical details | ill. ; |
| Dimensions | 24 cm. |
| 504 ## - BIBLIOGRAPHY, ETC. NOTE | |
| Bibliography, etc. note | Includes index and references |
| 650 ## - SUBJECT ADDED ENTRY--TOPICAL TERM | |
| Topical term or geographic name entry element | Computer networks Security measures |
| 9 (RLIN) | 2319 |
| 650 ## - SUBJECT ADDED ENTRY--TOPICAL TERM | |
| Topical term or geographic name entry element | Coding theory |
| 9 (RLIN) | 2320 |
| 650 ## - SUBJECT ADDED ENTRY--TOPICAL TERM | |
| Topical term or geographic name entry element | Computer security |
| 9 (RLIN) | 2321 |
| 856 ## - ELECTRONIC LOCATION AND ACCESS | |
| Uniform Resource Identifier | <a href="https://search.worldcat.org/title/1328028535">https://search.worldcat.org/title/1328028535</a> |
| 942 ## - ADDED ENTRY ELEMENTS (KOHA) | |
| Source of classification or shelving scheme | Dewey Decimal Classification |
| Koha item type | Books |
| Suppress in OPAC | No |
| Withdrawn status | Lost status | Source of classification or shelving scheme | Damaged status | Not for loan | Home library | Current library | Date acquired | Source of acquisition | Cost, normal purchase price | Total Checkouts | Full call number | Barcode | Date last seen | Copy number | Price effective from | Koha item type | Shelving location |
|---|---|---|---|---|---|---|---|---|---|---|---|---|---|---|---|---|---|
| Dewey Decimal Classification | Not For Loan | BAUST Central Library | BAUST Central Library | 06/26/2025 | Modern | 1856.00 | 005.8 STC 2023 | 14670 | 09/10/2025 | C-1 | 09/10/2025 | Books | |||||
| Dewey Decimal Classification | BAUST Central Library | BAUST Central Library | 06/26/2025 | Modern | 1856.00 | 005.8 STC 2023 | 14671 | 09/10/2025 | C-2 | 09/10/2025 | Books | General Stacks | |||||
| Dewey Decimal Classification | BAUST Central Library | BAUST Central Library | 06/26/2025 | Modern | 1856.00 | 005.8 STC 2023 | 14672 | 09/10/2025 | C-3 | 09/10/2025 | Books | General Stacks | |||||
| Dewey Decimal Classification | BAUST Central Library | BAUST Central Library | 06/26/2025 | Modern | 1856.00 | 005.8 STC 2023 | 14673 | 09/10/2025 | C-4 | 09/10/2025 | Books | General Stacks | |||||
| Dewey Decimal Classification | BAUST Central Library | BAUST Central Library | 06/26/2025 | Modern | 1856.00 | 005.8 STC 2023 | 14674 | 09/10/2025 | C-5 | 09/10/2025 | Books | General Stacks |
